Every André 3000 Song on the Billboard Hot 100 - Statistics

General Stats
  • This quiz has been taken 13 times
    9 since last reset
  • The average score is 3 of 6
Answer Stats
# Year Song % Correct
24 2008 Green Light (John Legend)
88%
50 2011 Party (Beyoncé)
75%
79 2011 Dedication To My Ex (Miss That) (Lloyd) ft. Lil Wayne
25%
61 2012 I Do (Jeezy) ft. Jay-Z
25%
98 2012 Play The Guitar (B.o.B)
25%
37 2011 Sleazy Remix 2.0 Get Sleazier (Ke$ha) ft. Lil Wayne, Wiz Khalifa & T.I.
25%
No matching quizzes found
Score Distribution
Percent of People with Each Score
Percentile by Number Answered
Your Score History
You have not taken this quiz since the last reset